000 00578nam a2200193Ia 4500
005 20260120131952.0
008 008 260114s9999 xx 000 0 eng d
020 _a9781383031904
037 _aEBOOK
040 _aCRL
_beng
_cCRL
041 _aeng
_2eng
084 _qCRL
100 _aReynolds
_9933360
245 0 _aScribes and Scholars: A Guide to the Transmission of Greek and Latin Literature
260 _bOxford University PressOxford University Press
_c2023
856 _uhttps://academic.oup.com/book/54674
942 _cEBOOK
999 _c1525283
_d1525283